00236nam a2200085Ia 450000500170000000800410001724500650005826000100012399900170013320250523155752.0250523s9999 xx 000 0 und d 0aBen Büyüyünce Gökkuş Diz cGülten Dayıoğlu bALTIN c12126d12126